000 00272nam a2200133 i 4500
001 bg
245 0 _aBiotechnology methods.
260 _aBerlin,
_c1988.
040 _cBPK
041 _apol
080 _a577
942 _cKS
008 s pl f |000 0 pol
999 _c28593
_d28593
856 _uhttp://koha.tu.koszalin.pl/cgi-bin/koha/opac-detail.pl?biblionumber=28593
_yKatalog online BPK